000 00482nam a2200193Ia 4500
005 20240823030243.0
008 240823s9999||||xx |||||||||||||| ||und||
020 _a978-0-07-069971-7
041 _aENGLISH
082 _A681.2 Q1
100 _aPatranabis D
245 0 _aPrinciples of Industrial Instrumentation
250 _a3rd
260 _c2011
_b#VALUE!
500 _aTRANSFERED
650 _aInstrial Instrumentation
_bInstrumentation
942 _cBK
999 _c188257
_d188257